| 000 | 01330nam a22002537a 4500 | ||
|---|---|---|---|
| 999 |
_c59021 _d59021 |
||
| 003 | Ge_BSU | ||
| 005 | 20221101115807.0 | ||
| 008 | 221101s1997 ge ||||| |||| 00| 0 geo d | ||
| 041 | _ageo | ||
| 080 | _a330.110(075.8) ფ–67 | ||
| 100 |
_aფიშერი, ს. _912977 |
||
| 245 |
_aეკონომიკა (Economics) : 4 ტომად : _bტ. 2 / _c ს. ფიშერი, რ. დორნბუში, რ. შმალენზი ; [მთარგმნ. და პმგ რედ.: კარლო ღურწკაია] |
||
| 264 |
_aთბილისი, _c1997. |
||
| 300 |
_a527 გვ.; _b20 სმ. |
||
| 653 | _aპოლიტიკური ეკონომია | ||
| 653 | _aბაზრის სახელმწიფო რეგულირება | ||
| 653 | _aშემოსავლების განაწილება. გადასახადები | ||
| 653 | _aტრანსფერტები | ||
| 653 | _aსახელმწიფო ხარჯები | ||
| 700 |
_aდორნბუში, რ. _eავტორი _9434 |
||
| 700 |
_aშმალენზი, რ. _eავტორი _9435 |
||
| 700 |
_aღურწკაია, კარლო _eმთარგმნელი, რედაქტორი _93333 |
||
| 942 |
_2udc _cBK |
||